| 000 | 00397nam a2200157 4500 | ||
|---|---|---|---|
| 001 | 107054 | ||
| 003 | ES-MaACL | ||
| 005 | 20230906184334.0 | ||
| 007 | t| | ||
| 008 | 061121s1931 fr r ||||1| fre d | ||
| 100 | 1 |
_aMoreux, Th. _983496 |
|
| 245 | 1 | 0 |
_aPour comprendre le latin / _cTh. Moreux. |
| 260 |
_aParĂs : _b[s.n.], _c1931. |
||
| 300 |
_a256 p. ; _c20 cm. |
||
| 852 |
_aES-MaACL _jF-13828 |
||
| 999 |
_c107054 _d107054 |
||